Evaluación de costos red subterránea de electrificación, área central de San José
Bewaard in:
| Hoofdauteur: | |
|---|---|
| Formaat: | Boek |
| Gepubliceerd in: |
[San José , Costa Rica]
1996
|
| Onderwerpen: | |
| Tags: |
Voeg label toe
Geen labels, Wees de eerste die dit record labelt!
|
MARC
| LEADER | 00000nam a2200000Ia 4500 | ||
|---|---|---|---|
| 003 | 007886 | ||
| 005 | 20221231144248.0 | ||
| 008 | 140114s1996 cr a m 000 ||s d | ||
| 040 | |c cru CEDI | ||
| 090 | |a TFG 3429 | ||
| 100 | |a Fonseca Carvajal, Ronald F. |9 10432 | ||
| 245 | |a Evaluación de costos red subterránea de electrificación, área central de San José | ||
| 260 | |c 1996 |a [San José , Costa Rica] | ||
| 300 | |a [133] hojas : ilustraciones | ||
| 500 | |a Tesis (licenciatura en ingeniería civil)--Universidad de Costa Rica. Facultad de Ingeniería. Escuela de Ingeniería Civil | ||
| 650 | |x DISTRIBUCION DE ENERGIA ELECTRICA - COSTOS |9 10433 | ||
| 942 | |c TFG |2 ddc | ||
| 999 | |c 19253 |d 19253 | ||
